ネットワーク社会 : 高密度社会への処方箋
Guardado en:
| Autor principal: | |
|---|---|
| Formato: | Libro |
| Lenguaje: | Undetermined |
| Publicado: |
東京
講談社
1974
|
| Materias: | |
| Etiquetas: |
Agregar Etiqueta
Sin Etiquetas, Sea el primero en etiquetar este registro!
|
| Thư viện lưu trữ: | Trung tâm Học liệu Trường Đại học Cần Thơ |
|---|
| LEADER | 00535nam a2200193Ia 4500 | ||
|---|---|---|---|
| 001 | CTU_83228 | ||
| 008 | 210402s9999 xx 000 0 und d | ||
| 082 | |a 306 | ||
| 082 | |b S558 | ||
| 100 | |a 白根礼吉(しらね れいきち) | ||
| 245 | 0 | |a ネットワーク社会 : | |
| 245 | 0 | |b 高密度社会への処方箋 | |
| 245 | 0 | |c 白根礼吉 | |
| 260 | |a 東京 | ||
| 260 | |b 講談社 | ||
| 260 | |c 1974 | ||
| 650 | |a Science And State | ||
| 904 | |i Ngoc, QHieu | ||
| 980 | |a Trung tâm Học liệu Trường Đại học Cần Thơ | ||